| 000 | 00537nam a2200193Ia 4500 | ||
|---|---|---|---|
| 003 | GCL | ||
| 008 | 140319s9999 xx 000 0 ara d | ||
| 040 |
_aGCL / _cGCL |
||
| 082 | 0 | 4 |
_a813.01 _bس ص |
| 100 | 1 | _aسليمان كابوه | |
| 245 | 1 | 0 |
_aالصعود على عمود املس / _cسليمان كابوه |
| 260 |
_a[S.N] : _bابوللو للنشر والتوزيع ، _c1989 |
||
| 300 | _a176 ص | ||
| 490 | _a | ||
| 650 | 0 | 4 | _aالقصص القصيرة |
| 650 | 0 | 4 | _aمصر |
| 650 | 0 | 4 | _aالقصص |
| 942 |
_2ddc _cBK |
||
| 999 |
_c54870 _d54870 |
||